Dr. Szőkefalvi-Nagy Béla nyugalmazott egyetemi tanár 1998. december 21-én, életének 86. évében elhunyt
Elmentve itt :
| Dokumentumtípus: | Cikk |
|---|---|
| Megjelent: |
1998-12-23
|
| Sorozat: | Délmagyarország
88 No. 300 |
| Kulcsszavak: | Szőkefalvi-Nagy Béla, Szeged, Egyetemi tanár gyászközlemény Szeged |
| Online Access: | http://dmarchiv.bibl.u-szeged.hu/84253 |
| LEADER | 00539nab a2200145 i 4500 | ||
|---|---|---|---|
| 001 | delm84253 | ||
| 005 | 20191016105758.0 | ||
| 008 | 191016s1998 hu o 0|| hun d | ||
| 040 | |a SZTE Délmagyarország Archívum |b hun | ||
| 041 | |a hun | ||
| 245 | 0 | 0 | |a Dr. Szőkefalvi-Nagy Béla nyugalmazott egyetemi tanár 1998. december 21-én, életének 86. évében elhunyt |h [elektronikus dokumentum] |
| 260 | |c 1998-12-23 | ||
| 300 | |a 11 | ||
| 490 | 0 | |a Délmagyarország |v 88 No. 300 | |
| 695 | |a Szőkefalvi-Nagy Béla, Szeged, Egyetemi tanár gyászközlemény Szeged | ||